|
|
|
|
| LEADER |
01163nas a2200337 a 4500 |
| 001 |
c000152274 |
| 003 |
CARM |
| 005 |
20020205155230.0 |
| 008 |
930916c19489999ja mr p 0 a0jpn d |
| 019 |
1 |
|
|a 4111799
|
| 022 |
|
|
|a 0491-3337
|
| 035 |
|
|
|a ()200213
|
| 035 |
|
|
|a 63629
|
| 040 |
|
|
|a NMQU
|b eng
|c NMQU
|
| 050 |
|
4 |
|a PL501
|b .K
|
| 245 |
0 |
0 |
|a Kokugogaku =
|b Studies in the Japanese language.
|
| 246 |
3 |
1 |
|a Studies in the Japanese language
|
| 260 |
|
|
|a Tokyo :
|b Kokugo Gakkai,
|c Showa 23 [1948]-
|
| 300 |
|
|
|a v. :
|b ill. ;
|c 21 cm.
|
| 310 |
|
|
|a Quarterly
|
| 362 |
0 |
|
|a No. 1 (Oct. 30, 1948)-
|
| 500 |
|
|
|a Description based on: No. 172 (March 1993)
|
| 500 |
|
|
|a Table of contents and abstracts in English.
|
| 500 |
|
|
|a Title from cover.
|
| 650 |
|
0 |
|a Japanese language
|x Periodicals.
|
| 710 |
2 |
|
|a Kokugo Gakkai (Japan)
|
| 852 |
8 |
|
|b CARM
|h A2:AD29B0
|i B03094
|p 0126281
|f SE
|
| 866 |
|
0 |
|a 77(1969)-119(1979)
|
| 866 |
|
0 |
|a 77(1969)-119(1979)
|
| 999 |
f |
f |
|i 22665e6c-10cb-5315-acd7-47289269eea8
|s 9d9d1e3b-9274-5d65-b9e0-c65ff3461bf2
|
| 952 |
f |
f |
|p Can circulate
|a CAVAL
|b CAVAL
|c CAVAL
|d CARM 1 Store
|e B03094
|f A2:AD29B0
|h Other scheme
|i book
|k 77(1969)-119(1979)
|m 0126281
|